Catalog

Record Details

Catalog Search



Handbuch für Seelsorge : Praxis der biblischen Lebensberatung ; = The christian counselor's manuel Cover Image Book Book

Handbuch für Seelsorge : Praxis der biblischen Lebensberatung ; = The christian counselor's manuel Jay E. Adams

Adams, Jay E. (Author).

Record details

  • ISBN: 3-7655-0389-4
  • Physical Description: 333 S.
  • Publisher: Giessen Brunnen Verlag 1976

Available copies

  • 1 of 1 copy available at Common Catalog SPOK.

Holds

  • 0 current holds with 1 total copy.
Show Only Available Copies
Location Call Number / Copy Notes Barcode Shelving Location Status Due Date
ETS Library 253.5 424470008876 Volný výběr Available -

LDR 00779nam a2 00253
00141083
003CZ-PrJAB
00520040329000000.0
008010219s1976 xr e |||| |ger
009ge
020 . ‡a3-7655-0389-4
035 . ‡a(CONS)3450
035 . ‡aKPS8126
040 . ‡aABG450
041 . ‡ager
08214. ‡a253.5
100 . ‡7319 ‡aAdams, Jay E.
245 . ‡aHandbuch für Seelsorge : ‡bPraxis der biblischen Lebensberatung ; = The christian counselor's manuel ‡cJay E. Adams
260 . ‡aGiessen ‡bBrunnen Verlag ‡c1976
300 . ‡a333 S.
490 . ‡aABCteam
653 . ‡aHandbuch für Seelsorge ‡aThe christian counselor's manuel ‡aPraxis der biblischen Lebensberatung
8524 . ‡bETS ‡bETS ‡cVolný výběr ‡j253.5 ‡gA ‡p424470008876
910 . ‡aABG450
999 . ‡a3450 ‡bAUTOGEN ‡c3450 ‡tbiblio
905 . ‡uadmin
901 . ‡a41083 ‡b ‡c41083 ‡tbiblio ‡sets

Additional Resources